System Simulation (Record no. 23487)

000 -LEADER
fixed length control field 00390nam a22000977a 4500
003 - CONTROL NUMBER IDENTIFIER
control field NUST
005 - DATE AND TIME OF LATEST TRANSACTION
control field 20170609120122.0
008 - FIXED-LENGTH DATA ELEMENTS--GENERAL INFORMATION
fixed length control field 131104b xxu||||| |||| 00| 0 eng d
020 ## - INTERNATIONAL STANDARD BOOK NUMBER
International Standard Book Number 8131711080
Terms of availability Available
040 ## - CATALOGING SOURCE
Original cataloging agency DLC
Language of cataloging DLC
Transcribing agency RCMS
082 ## - DEWEY DECIMAL CLASSIFICATION NUMBER
Classification number 003.01 GOR
100 ## - MAIN ENTRY--PERSONAL NAME
Personal name Geoffrey Gordon
9 (RLIN) 2380
245 ## - TITLE STATEMENT
Title System Simulation
Statement of responsibility, etc. Gordon Geoffrey
250 ## - EDITION STATEMENT
Edition statement 2nd,ed.
260 ## - PUBLICATION, DISTRIBUTION, ETC.
Place of publication, distribution, etc. India
Name of publisher, distributor, etc. Pearson Education
Date of publication, distribution, etc. c1978
300 ## - PHYSICAL DESCRIPTION
Extent xii,324,p:
Other physical details ill
Dimensions 30,cm.
538 ## - SYSTEM DETAILS NOTE
Display text Shelf No 1 Row No 4
650 ## - SUBJECT ADDED ENTRY--TOPICAL TERM
Topical term or geographic name entry element System Simulation
9 (RLIN) 2381
856 ## - ELECTRONIC LOCATION AND ACCESS
Materials specified Table of Content Only
942 ## - ADDED ENTRY ELEMENTS (KOHA)
Source of classification or shelving scheme
Koha item type Book
Holdings
Withdrawn status Lost status Source of classification or shelving scheme Damaged status Not for loan Permanent Location Current Location Shelving location Date acquired Full call number Barcode Date last seen Price effective from Koha item type
          NUST Baluchistan Campus (NBC) NUST Baluchistan Campus (NBC) General Stacks 11/04/2013 003.01GOR RCMS000555 11/04/2013 11/04/2013 Book
© 2023 Central Library, National University of Sciences and Technology. All Rights Reserved.